|
|
|
|
| LEADER |
00000cam a2200000 i 4500 |
| 001 |
1/6194 |
| 008 |
960625s1987 gr a ||| |||| ||gre|| |
| 035 |
|
|
|l 10016269
|
| 040 |
|
|
|a GR-MY-UA
|b gre
|e aacr
|
| 041 |
0 |
|
|a gre
|
| 082 |
0 |
|
|a 938.974
|
| 100 |
1 |
|
|a Παρασκευαΐδης, Γιώργος Λ.,
|d 1942-
|
| 245 |
1 |
0 |
|a Μανταμάδος Λέσβου :
|b ιστορικά-λαογραφικά κείμενα και φωτογραφίες /
|c Γιώργου Λευτ. Παρασκευαΐδη.
|
| 260 |
|
|
|a Θεσσαλονίκη :
|b [χ.ό.] ;
|c 1987.
|
| 300 |
|
|
|a 504 σ. :
|b εικ. ;
|c 24 εκ.
|
| 650 |
|
0 |
|a Folklore
|z Greece
|z Mantamados (Lesbos Island)
|
| 651 |
|
0 |
|a Mantamados (Lesbos Island, Greece)
|x History.
|
| 852 |
|
|
|a INST
|b LESVOS
|e 19960625
|h 938.974 ΠΑΡ
|p 005100009819
|q 005100009819
|t BK
|y 0
|
| 852 |
|
|
|a INST
|b LESVOS
|e 20230712
|h 938.974 ΠΑΡ
|p 005100064411
|q 005100064411
|t BK
|y 0
|